|
|
|
|
| LEADER |
00000nam0a2200000 4500 |
| 001 |
373781 |
| 005 |
20231101050900.0 |
| 035 |
|
|
|a (RuTPU)RU\TPU\retro\31212
|
| 035 |
|
|
|a RU\TPU\book\225197
|
| 090 |
|
|
|a 373781
|
| 100 |
|
|
|a 20221216d1990 k y0rusy50 ca
|
| 101 |
0 |
|
|a rus
|
| 102 |
|
|
|a RU
|
| 105 |
|
|
|a y z 000zy
|
| 200 |
1 |
|
|a Совершенствование организации управления нефтедобывающим производством в условиях полного хозрасчета и самофинансирования
|e тематический сборник научных трудов
|f Всероссийский научно-исследовательский институт организации, управления и экономики нефтегазовой промышленности (ОАО ВНИИОЭНГ) ; под ред. А. С. Тищенко
|
| 210 |
|
|
|a Москва
|c ВНИИОЭНГ
|d 1990
|
| 215 |
|
|
|a 79 с.
|
| 610 |
1 |
|
|a нефтедобывающие предприятия
|
| 610 |
1 |
|
|a хозрасчет
|
| 610 |
1 |
|
|a самофинансирование
|
| 610 |
1 |
|
|a управление
|
| 610 |
1 |
|
|a совершенствование
|
| 610 |
1 |
|
|a организация
|
| 675 |
|
|
|a 622.323.012:658
|v 3
|
| 702 |
|
1 |
|a Тищенко
|b А. С.
|4 340
|
| 712 |
0 |
2 |
|a Всероссийский научно-исследовательский институт организации, управления и экономики нефтегазовой промышленности (ОАО ВНИИОЭНГ)
|2 stltpush
|3 (RuTPU)RU\TPU\col\5641
|
| 801 |
|
1 |
|a RU
|b 63413507
|c 20120113
|
| 801 |
|
2 |
|a RU
|b 63413507
|c 20221216
|g RCR
|
| 942 |
|
|
|c BK
|